00357nam a2200109 i 4500001000300000245006500003260002400068040000800092041000800100008004100108856009800149bg 0aMetody resenija zadacz matematiczeskogo programmirowanija... aNowosibirsk,c1984. cBPK apol s pl f |000 0 pol  uhttp://koha.tu.koszalin.pl/cgi-bin/koha/opac-detail.pl?biblionumber=28083yKatalog online BPK